| 000 | 00591nam a22001217a 4500 | ||
|---|---|---|---|
| 040 | _cRUA | ||
| 082 | _aAVM LAY 2025 B705 Or.1 | ||
| 100 | _aLAY LAV, ឡាយ ឡាវ | ||
| 245 | _aCase of salmonella spp. on pork at market in anlong thnaot commune in krakor district, pursat province, ករណី Salmonella spp. លើសាច់ជ្រូក នៅផ្សារ ក្នុងឃុំ អន្លង់ត្នោត ស្រុកក្រគរ ខេត្តពោធិ៍សាត់ | ||
| 260 |
_aPHNOM PENH _bRUA _c2025 |
||
| 300 |
_ax,51p. _bill. _c29cm. |
||
| 942 | _cAVM | ||
| 999 |
_c25802 _d25802 |
||